<?xml version="1.0" encoding="UTF-8"?>
<marc:record xmlns:marc="http://www.loc.gov/MARC21/slim">
   <marc:leader>00000nam a2200000 a 4500</marc:leader>
   <marc:datafield ind1="1" ind2=" " tag="100">
      <marc:subfield code="a">Heine, Helme</marc:subfield>
      <marc:subfield code="4">aut</marc:subfield>
      <marc:subfield code="e">Verfasser/-in</marc:subfield>
   </marc:datafield>
   <marc:datafield ind1=" " ind2=" " tag="653">
      <marc:subfield code="a">Freundschaft</marc:subfield>
   </marc:datafield>
   <marc:datafield ind1=" " ind2=" " tag="653">
      <marc:subfield code="a">Softcover / Kinder- und Jugendbücher/Erzählerische Bilderbücher</marc:subfield>
   </marc:datafield>
   <marc:datafield ind1=" " ind2=" " tag="653">
      <marc:subfield code="a">Bilderbuch</marc:subfield>
   </marc:datafield>
   <marc:datafield ind1=" " ind2=" " tag="653">
      <marc:subfield code="a">Erzählerische Bilderbücher</marc:subfield>
   </marc:datafield>
   <marc:datafield ind1="0" ind2="0" tag="245">
      <marc:subfield code="a">Richtige Freunde sind ...</marc:subfield>
   </marc:datafield>
   <marc:datafield ind1="0" ind2="0" tag="245">
      <marc:subfield code="c">Helme Heine</marc:subfield>
   </marc:datafield>
   <marc:datafield ind1=" " ind2="1" tag="264">
      <marc:subfield code="a">Weinheim</marc:subfield>
      <marc:subfield code="b">Beltz &amp; Gelberg</marc:subfield>
      <marc:subfield code="c">2012</marc:subfield>
   </marc:datafield>
   <marc:datafield ind1="1" ind2=" " tag="520">
      <marc:subfield code="a">Angaben aus der Verlagsmeldung

Richtige Freunde sind ... : Vierfarbiges Geschenkbuch / von Helme Heine

Zum 30. Geburtstag des Bilderbuchklassikers Freunde, das von Generationen geliebt wird, erscheint Helme Heines feinsinniges Geschenkbuch »Richtige Freunde sind ...«.

Freunde zu haben ist ein großer Schatz - das wissen Franz Hahn, Jonny Mauser und der dicke Waldemar und mit ihnen Millionen von kleinen und großen Kindern. Was richtige Freundschaft jedoch ausmacht, das fasst Helme Heine in unnachahmlicher Weise in 30 witzigen, ernsten, abenteuerlichen und augenzwinkernden Szenen rund um die drei Freunde zusammen: Denn richtige Freunde hängen aneinander, wissen sich zu helfen, lassen einander nicht im Regen stehen, sind da, wenn Not am Mann ist, opfern das letzte Hemd füreinander, entwickeln ungeahnte Kräfte ... Mit viel Wortwitz und wunderbaren Illustrationen.
</marc:subfield>
   </marc:datafield>
   <marc:datafield ind1=" " ind2=" " tag="020">
      <marc:subfield code="a">9783407794741</marc:subfield>
      <marc:subfield code="9">9783407794741</marc:subfield>
   </marc:datafield>
   <marc:datafield ind1=" " ind2=" " tag="020">
      <marc:subfield code="a">3407794746</marc:subfield>
      <marc:subfield code="9">3407794746</marc:subfield>
   </marc:datafield>
   <marc:datafield ind1=" " ind2=" " tag="041">
      <marc:subfield code="a">ger</marc:subfield>
   </marc:datafield>
   <marc:datafield ind1=" " ind2=" " tag="300">
      <marc:subfield code="a">64] S.</marc:subfield>
   </marc:datafield>
</marc:record>
